William Kent : landscape garden designer : an assessment and catalogue of his designs /

Bibliographic Details
Main Author: Hunt, John Dixon
Format: Book
Language:English
Published: London : A. Zwemmer, 1987.
Series:Architects in perspective.
Subjects:

MARC

Tag First Indicator Second Indicator Subfields
LEADER 00000cam a2200000 a 4500
001 in00000023657
005 20151007054303.0
008 871231s1987 enkaeh b 00110 eng d
010 |a  87061181  
020 |a 0302006001 
035 |a (OCoLC)17294591 
035 |9 AAB4575AM 
040 |a OSU  |c OSU  |d TXA  |d UtOrBLW 
049 |a TXAM  |c [A11112566] 
050 4 |a N6797.K4  |b H86 1987 
100 1 |a Hunt, John Dixon. 
245 1 0 |a William Kent :  |b landscape garden designer : an assessment and catalogue of his designs /  |c John Dixon Hunt. 
264 1 |a London :  |b A. Zwemmer,  |c 1987. 
300 |a 176 pages :  |b illustrations, facsimiles, plans ;  |c 26 cm. 
336 |a text  |b txt  |2 rdacontent 
337 |a unmediated  |b n  |2 rdamedia 
338 |a volume  |b nc  |2 rdacarrier 
490 1 |a Architects in perspective 
504 |a Bibliography: pages [101]-103. 
500 |a Includes index. 
600 1 0 |a Kent, William,  |d 1685-1748. 
650 0 |a Landscape architecture  |z Great Britain. 
740 0 |a William Kent, landscape garden designer. 
830 0 |a Architects in perspective. 
999 |a MARS 
999 f f |s f27bc957-a74c-36c1-bca3-3b2be1979680  |i 2dcac05c-9104-357f-9dc9-b1ce147c5548  |t 0 
952 f f |p normal  |a Texas A&M University  |b College Station  |c Sterling C. Evans Library  |d Evans: Library Stacks  |t 0  |e N6797.K4 H86 1987  |h Library of Congress classification  |i unmediated -- volume  |m A14811112566 
998 f f |a N6797.K4 H86 1987  |t 0  |l Evans: Library Stacks